MARC

LEADER 00000nam0a2200000 4500
001 26063
005 20231030201435.0
010 |a 5020304786 
035 |a (RuTPU)RU\TPU\book\26303 
035 |a BOOK00000220 
090 |a 26063 
100 |a 20011209d1993 k y0rusy50 ca 
101 0 |a rus 
102 |a RU 
105 |a a z 000zy 
200 1 |a Детальные сейсмические исследования литосферы на P- и S-волнах  |f Российская академия наук (РАН), Сибирское отделение (СО), Объединенный институт геологии, геофизики и минералогии им. А. А. Трофимука (ОИГГМ) ; под ред. Н. Н. Пузырева 
210 |a Новосибирск  |c Наука  |d 1993 
215 |a 199 с.  |c ил. 
610 1 |a геология 
610 1 |a геофизика 
610 1 |a геодинамика 
610 1 |a землетрясения 
610 1 |a томография 
610 1 |a литосфера 
610 1 |a земная кора 
610 1 |a строение 
610 1 |a сейсмология 
610 1 |a волны 
610 1 |a зондирование 
675 |a 550.834.3  |v 3 
675 |a 550.34.01  |v 3 
702 1 |a Пузырев  |b Н. Н.  |4 340 
712 0 2 |a Российская академия наук (РАН)  |b Сибирское отделение (СО)  |b Объединенный институт геологии, геофизики и минералогии им. А. А. Трофимука (ОИГГМ)  |c (Новосибирск)  |2 stltpush  |3 (RuTPU)RU\TPU\col\217 
801 0 |a RU  |b 63413507  |c 20011209  |g PSBO 
801 2 |a RU  |b 63413507  |c 20110520  |g PSBO 
942 |c BK